| 000 | 01319pam a2200349 a 4500 | ||
|---|---|---|---|
| 001 | 617726 | ||
| 003 | ARRUPE | ||
| 005 | 20170111150438.0 | ||
| 008 | 921006s1993 ne a b 001 0 eng c | ||
| 010 | _a 92048748 | ||
| 020 | _a0792320298 (hb : alk. paper) | ||
| 040 |
_aDNLM/DLC _cDLC _dDLC |
||
| 050 | 0 | 0 |
_aR724 _b.W355 1993 |
| 060 |
_aW1 CL73N v. 4 _aW 50 W362i |
||
| 082 | 0 | 0 |
_a174/.2 _220 |
| 100 | 1 |
_aWear, Stephen. _928229 |
|
| 245 | 1 | 0 |
_aInformed consent : _bpatient autonomy and physician beneficence within clinical medicine / _cStephen Wear. |
| 260 |
_aDordrecht ; _aBoston : _bKluwer Academic Publishers, _c1993. |
||
| 300 |
_axiii, 167 p. : _bill. ; _c23 cm. |
||
| 440 | 0 |
_aClinical medical ethics ; _vv. 4 _928230 |
|
| 504 | _aIncludes bibliographical references (p. 151-162) and index. | ||
| 650 | 0 |
_aInformed consent (Medical law) _928231 |
|
| 650 | 0 |
_aMedical ethics. _928232 |
|
| 650 | 2 |
_aEthics, Medical. _928233 |
|
| 650 | 2 |
_aInformed Consent. _928234 |
|
| 650 | 2 |
_aPatient Participation. _928235 |
|
| 650 | 2 |
_aPhysician-Patient Relations. _928236 |
|
| 856 | 4 | 2 |
_3Publisher description _uhttp://www.loc.gov/catdir/enhancements/fy0823/92048748-d.html |
| 906 |
_a7 _bcbc _corignew _d1 _eocip _f19 _gy-gencatlg |
||
| 942 |
_2lcc _cMONOGRAPH |
||
| 999 |
_c125942 _d125942 |
||